000 01441nam a2200253 a 4500
001 48755
003 BD-RjUL
005 20211209054559.0
008 160816s1997 bg ||||| |||| 00| 0 ben d
035 _a(BD-RjUL)48874
040 _aBD-RjUL
_bben
_cBD-RjUL
_dBD-RjUL
041 _aben
082 _223
_a303.32095492
_bBAN 1997
245 0 1 _aবাংলাদেশের শিশু ও তাদের অধিকার /
_cসমন্বয় ও তত্ত্বাবধায় মোঃ মোতাহারুল হক, সম্পাদনা সৈয়দ মনজুরুল ইসলাম, অনুবাদ মোঃ আবদুল আজিজ ও সৈয়দ আয়াত উল্লাহ
260 _aঢাকা :
_bইউনিসেফ,
_c১৯৯৭.
300 _a৮৩ পৃ. :
_bচিত্র ;
_c২৬ সেমি.
650 _aসামাজিকতার
_zবাংলাদেশ
_9147078
650 _aSocialization
_zBangladesh
_9147079
700 _aহক, মোঃ মোতাহারুল সমন্বয় ও তত্ত্বাবধায়
_9147080
700 _a ইসলাম, সৈয়দ মনজুরুল সম্পাদনা
_9147081
700 _aআজিজ , মোঃ আবদুল অনুবাদ
_9147082
700 _a উল্লাহ, সৈয়দ আয়াত অনুবাদ
_9147083
942 _2ddc
_cBK
999 _c48755
_d48755